LEADER 01360nam0-2200433---450- 001 990000918290203316 010 $a88-08-09870-2 035 $a0091829 035 $aUSA010091829 035 $a(ALEPH)000091829USA01 035 $a0091829 100 $a20020129d1994----km-y0ITAy01------ba 101 $aita 102 $aIT 105 $aa 00||| 200 1 $aFarmacologia$fa cura di Richard A. Harvey, Pamela C. Champe$gcon la collaborazione di Mary J. Mycek, Sheldon B. Gertner, Maria Menna Perper 210 $aBologna$cZanichelli$d1994 215 $aXV, 453 p.$cill.$d27 cm 300 $aTrad. di Nicola Montanaro, Alberto Vaccheri, rev. di Nicola Montanaro 500 11$aPharmacology$m$956400 606 $aFarmacologia 676 $a615.1 702 1$aHARVEY,$bRichard A. 702 1$aCHAMPE,$bPamela C. 702 1$aPERPER,$bMaria Menna 702 1$aGERTNER,$bSheldon B. 702 1$aMYCEK,$bMary J. 801 0$aIT$bsalbc$gISBD 912 $a990000918290203316 951 $a615.1 PHA A$b1733 FARM$c615.1 951 $a615.1 PHA A$b1734 FARM$c615.1 951 $a615.1 PHA A$b1735 FARM$c615.1 959 $aBK 969 $aFARM 979 $aPATTY$b90$c20020129$lUSA01$h0930 979 $c20020403$lUSA01$h1735 979 $aPATRY$b90$c20040406$lUSA01$h1703 996 $aPharmacology$956400 997 $aUNISA LEADER 01506nam 2200445 450 001 9910815448403321 005 20171227132904.0 035 $a(CKB)4100000001042732 035 $a(DLC) 2017043994 035 $a(MiAaPQ)EBC5178025 035 $a(EXLCZ)994100000001042732 100 $a20180105h20172017 uy 0 101 0 $aeng 135 $aur||||||||||| 181 $ctxt$2rdacontent 182 $cn$2rdamedia 183 $anc$2rdacarrier 200 00$aDevelopmental perspectives in written language and literacy $ein honor of Ludo Verhoeven /$fedited by Eliane Segers, Paul van den Broek 210 1$aAmsterdam, [The Netherlands] ;$aPhiladelphia, [Pennsylvania] :$cJohn Benjamins Publishing Company,$d2017. 210 4$dİ2017 215 $a1 online resource 311 $a90-272-1243-0 311 $a90-272-6515-1 320 $aIncludes bibliographical references and index. 606 $aApplied linguistics 606 $aLanguage acquisition$xStudy and teaching 606 $aWritten communication$xStudy and teaching 615 0$aApplied linguistics. 615 0$aLanguage acquisition$xStudy and teaching. 615 0$aWritten communication$xStudy and teaching. 676 $a418 702 $aSegers$b Eliane 702 $aBroek$b Paul van den 801 0$bMiAaPQ 801 1$bMiAaPQ 801 2$bMiAaPQ 906 $aBOOK 912 $a9910815448403321 996 $aDevelopmental perspectives in written language and literacy$93935771 997 $aUNINA